| 000 | 01587nam a2200265Ia 4500 | ||
|---|---|---|---|
| 003 | Ost | ||
| 005 | 20260507075151.0 | ||
| 008 | 260507s9999||||xx |||||||||||||| ||und|| | ||
| 020 | _a2707099579 | ||
| 040 | _cfsecg | ||
| 041 | _aara | ||
| 082 | _a330 | ||
| 100 |
_aالزعبي، غازي محمود ذيب _eمؤلف |
||
| 245 | 0 |
_aالبعد الاقتصادي للتنمية السياسية في الاردن ( 1989 - 2003 ) / _c غازي محمود ذيب الزعبي |
|
| 260 |
_aاربد: _bعالم الكتب الحديث, _c2009 |
||
| 300 |
_a198 صفحة؛ _bإيضاحات ؛ _c24 سم |
||
| 490 | _aسلسلة اصدارات منتدى الشمال للفكر و الثقافة و مركز القرار المسؤول للتنمية | ||
| 504 | _aقائمة الجداول ص.09 ؛ مراجع ص.187 ؛ قائمة الجداول ص،9 | ||
| 520 | _aمفهوم و نظريات و أهداف ومعوقات التنمية الاقتصادية ، و التنمية السياسية و التنمية الاجتماعية ، التطور التاريخي في الأردن و مؤشرات كل من التنمية الاقتصادية ، التنمية السياسية و التنمية الاجتماعية في الأردن ، ، العلاقة بين التنمية الاقتصادية و التنمية السياسية و التنمية الاجتماعية | ||
| 653 | _aالاردن ــ تنمية | ||
| 653 | _aالاقتصاد | ||
| 653 | _aالتنمية الاقتصادية | ||
| 653 | _aالسياسة الإقتصادية | ||
| 942 | _cكتاب | ||
| 999 |
_c43344 _d43344 |
||